Strategi pusat sumber dalam pendidikan
| Main Author: | |
|---|---|
| Other Authors: | |
| Format: | Book |
| Published: |
Kuala Lumpur :
Fajar Bakti ,
1993
|
| Series: | Siri Pendidikan Fajar Bakti
|
| Subjects: |
MARC
| LEADER | 00000cam a2200000 7i4500 | ||
|---|---|---|---|
| 001 | 0000005155 | ||
| 002 | 000005566 | ||
| 005 | 20000330.0 | ||
| 020 | |a 9676526118 | ||
| 090 | 0 | 0 | |a 021.24 |b FAR |
| 100 | 0 | |a Faridah Abdul Manaff | |
| 245 | 0 | 0 | |a Strategi pusat sumber dalam pendidikan |c Faridah Abdual Manaff dan T.Subahan Mohd.Meerah |
| 260 | |a Kuala Lumpur : |b Fajar Bakti , |c 1993 | ||
| 300 | |a 198p. ; |c 21cm. | ||
| 490 | 0 | |a Siri Pendidikan Fajar Bakti | |
| 650 | 0 | 0 | |a Library |x Education |
| 700 | 0 | |a T.Subahan Mohd Meerah | |
| 999 | |a 031183 |b BUKU |c PINJAMAN |e PERPUSTAKAAN KOMUNITI PETALING JAYA | ||